Countries visited by Donald Trump - Statistics

General Stats
  • This quiz has been taken 60 times
  • The average score is 17 of 24
Answer Stats
Number of visits Country % Correct
3 United Kingdom
100%
1 Canada
96%
4 France
96%
2 Germany
92%
2 Italy
90%
2 South Korea
90%
1 China
88%
3 Japan
88%
1 India
83%
2 Ireland
79%
1 North Korea
73%
2 Belgium
71%
1 Israel
71%
1 Poland
71%
1 Singapore
69%
1 Iraq
67%
2 Switzerland
65%
1 Argentina
63%
1 Saudi Arabia
63%
1 Afghanistan
52%
2 Vietnam
52%
1 Finland
46%
1 Philippines
46%
1 Vatican City
42%
No matching quizzes found
Score Distribution
Percent of People with Each Score
Percentile by Number Answered
Your Score History
You have not taken this quiz